Un dedito al año, no hace daño / (Registro nro. 8162)

Detalles MARC
000 -LIDER
fixed length control field 00926nam a2200265 a 4500
001 - NÚMERO DE CONTROL
Identificador de número de control 000003226
003 - IDENTIFICACDOR DE NÚMERO DE CONTROL
control field DO-SdBNP
005 - DATE AND TIME OF LATEST TRANSACTION
control field 20170925112824.0
007 - CAMPOS FIJOS DE DESCRIPCIÓN FÍSICA
fixed length control field 000003226
008 - ELEMENTOS DE LONGITUD FIJA
fixed length control field 090707s2009 dr a 000 0 spa d
040 ## - FUENTE DE CATALOGACIÓN
Agencia que crea de manera original el registro BPMSU
Idioma de catalogación spa
Agencia que realiza la transcripción BPMSU
082 #4 - NÚMERO DE CLASIFICACIÓN DECIMAL DE DEWEY
Classification number 616.65
Item number S715u
100 1# - ASIENTO PRINCIPAL -- NOMBRE PERSONAL
Nombre personal Sosa, José Rafael
245 10 - MENCIÓN DE TITULO
Título Un dedito al año, no hace daño /
Mención de responsabilidad José Rafael Sosa.
260 0# - PUBLICACIÓN, DISTRIBUCIÓN, ETC. (PIE DE IMPRENTA)
Lugar de publicación, distribución, etc Santo Domingo :
Nombre del editor, distribuidor, etc. Alas,
Fecha de publicación, distribución, etc 2009.
300 ## - DESCRIPCIÓN FÍSICA
Extensión 131 p. :
Otros detalles físicos il. ;
Dimensiones 22 cm.
500 ## - NOTA GENERAL
Nota general Incluye datos biográficos del autor en la solapa de la contracubierta
500 ## - NOTA GENERAL
Nota general Incluye testimonios de Freddy Ginebra, Freddy Reyes, Julio Aníbal Suárez, Fernando Sánchez Martínez, Domingo Peña Nina
650 #4 - ENCABEZAMIENTO DE MATERIA--TEMÁTICO
Término temático o nombre geográfico como elemento de entrada PRÓSTATA
Subdivisión temática general CÁNCER
650 #4 - ENCABEZAMIENTO DE MATERIA--TEMÁTICO
Término temático o nombre geográfico como elemento de entrada ENFERMEDADES DE LA PRÓSTATA
910 ## - VALIDACIÓN
Validación Validado. Control de calidad MFF
942 ## - ADDED ENTRY ELEMENTS (KOHA)
Source of classification or shelving scheme Dewey Decimal Classification
Koha item type Libros
945 ## - INFORMACIÓN DE PROCESAMIENTO LOCAL
Información de procesamiento local Inventariado / 2017 VM
956 ## - LOCAL ELECTRONIC LOCATION AND ACCESS (OCLC)
Nombre de host VMATEO
Número de acceso 10
Información de compresión 20150811
Inicio de sesión BPMSU
Procesador de solicitud 00151
Existencias
Withdrawn status Lost status Source of classification or shelving scheme Damaged status Not for loan Collection code Home library Current library Date acquired Total Checkouts Full call number Barcode Date last seen Price effective from Koha item type
    Dewey Decimal Classification     Colección Dominicana Biblioteca Pública Metropolitana Salomé Ureña Biblioteca Pública Metropolitana Salomé Ureña 08/11/2015   616.65 S715d BPMSU15080275 08/11/2015 08/11/2015 Libros